ARRUPE JESUIT UNIVERSITY

CORONAVIRUS -STOP THE SPREAD - CLEAN,DISINFECT,COVER

Congo tribes & parties / (Record no. 138)

MARC details
000 -LEADER
fixed length control field 00560nam a2200217Ia 4500
003 - CONTROL NUMBER IDENTIFIER
control field 0100
008 - FIXED-LENGTH DATA ELEMENTS--GENERAL INFORMATION
fixed length control field 130227s9999 xx 000 0 und d
040 ## - CATALOGING SOURCE
Transcribing agency ARRUPELIB
050 ## - LIBRARY OF CONGRESS CALL NUMBER
Classification number DT658.B586
100 ## - MAIN ENTRY--PERSONAL NAME
Personal name Biebuyck, Daniel
9 (RLIN) 39174
245 ## - TITLE STATEMENT
Title Congo tribes & parties /
260 ## - PUBLICATION, DISTRIBUTION, ETC. (IMPRINT)
Place of publication, distribution, etc London
Name of publisher, distributor, etc Royal Anthropological Institute
Date of publication, distribution, etc 1961
300 ## - PHYSICAL DESCRIPTION
Extent 48p
300 ## - PHYSICAL DESCRIPTION
Other physical details 19cm
440 ## - SERIES STATEMENT/ADDED ENTRY--TITLE
Title Royal Anthropological Institute pamphlets n.1
9 (RLIN) 39175
650 ## - SUBJECT ADDED ENTRY--TOPICAL TERM
Topical term or geographic name as entry element Ethnology
Geographic subdivision Congo (Leopoldville)
9 (RLIN) 39176
650 ## - SUBJECT ADDED ENTRY--TOPICAL TERM
Topical term or geographic name as entry element Congo (Leopoldville)
General subdivision Political parties
9 (RLIN) 39177
650 ## - SUBJECT ADDED ENTRY--TOPICAL TERM
Topical term or geographic name as entry element Congo (Leopoldville)
General subdivision Politics
Chronological subdivision 1960-
9 (RLIN) 39178
700 ## - ADDED ENTRY--PERSONAL NAME
Personal name Douglas, Mary
9 (RLIN) 37881
942 ## - ADDED ENTRY ELEMENTS (KOHA)
Source of classification or shelving scheme Library of Congress Classification
Item type Monograph ( Printed materials)
Holdings
Withdrawn status Lost status Source of classification or shelving scheme Damaged status Not for loan Collection code Home library Current library Shelving location Date acquired Total Checkouts Full call number Barcode Date last seen Copy number Price effective from Koha item type
    Library of Congress Classification     Main Collection ARRUPE LIBRARY ARRUPE LIBRARY   27/02/2013   DT658.B586 46400418 07/12/2017 1 27/02/2013 Monograph ( Printed materials)

 

Arrupe Library. PO Box MP320 Mt Pleasant, Harare, Zimbabwe
263 242 745411|librarian@aju.ac.zw